|
|
|
|
| LEADER |
01132nam a2200301 a 4500 |
| 001 |
36083 |
| 003 |
BD-DhAAL |
| 005 |
20191003103944.0 |
| 008 |
191003t1990 caua b 001 0 eng d |
| 999 |
|
|
|c 41506
|d 41506
|
| 010 |
|
|
|a 89027118
|
| 020 |
|
|
|a 0534127681
|
| 020 |
|
|
|a 9780534127688
|
| 040 |
|
|
|a DLC
|c DLC
|d DLC
|d BD-DhAAL
|
| 050 |
0 |
0 |
|a QB43.2
|b .S43 1990
|
| 082 |
0 |
0 |
|a 520
|2 20
|
| 100 |
1 |
|
|a Seeds, Michael A.
|9 35794
|
| 245 |
1 |
0 |
|a Foundations of astronomy /
|c Michael A. Seeds.
|
| 250 |
|
|
|a 1990 edition
|
| 260 |
|
|
|a Belmont, California :
|b Wadsworth Publishing Company,
|c c1990.
|
| 300 |
|
|
|a xvi, 642, 12 pages :
|b illustrations (some colors) ;
|c 25 cm.
|
| 504 |
|
|
|a Includes bibliographical references.
|
| 526 |
|
|
|a BIED
|
| 541 |
|
|
|a Complimentary copy from BIED
|e 36083
|
| 650 |
|
0 |
|a Astronomy.
|9 35795
|
| 852 |
|
|
|a Ayesha Abed Library
|c General Stacks
|
| 942 |
|
|
|2 ddc
|c BK
|
| 952 |
|
|
|0 0
|1 0
|2 ddc
|4 0
|6 520_000000000000000_SEE
|7 0
|9 66655
|a BRACUL
|b BRACUL
|c GEN
|d 2019-10-03
|e Complimentary copy from BIED
|l 5
|m 48
|o 520 SEE
|p 3010036083
|q 2026-05-14
|r 2025-08-03
|s 2025-08-03
|t 1
|w 2019-10-03
|y BK
|x Transferred from BIED to General Stacks
|